000 00840nam a2200253 a 4500
001 BRCA_5980
005 20190320205303.0
008 280311s1903----gw-a###f##---#001-0#ger-#
041 _ager
044 _agw
050 4 _aN2460
_b.V65 1903
100 1 _aVoll, Karl
_913889
245 1 0 _aDie Meisterwerke des Rijks-Museum zu Amsterdam
_bHanfstaengls Maler-Klassiker: Die Mesterwerke der Bedeutensten Galerien Europas
_cKarl Voll.
260 _aMúnich
_bFranz Hanfstaengl
_c[1903]
300 _aXX, 208 p.
_bil., 208 láminas
_c29 cm.
500 _aIgual a F18 y F145
500 _aY9
610 2 4 _aRijksmuseum (Amsterdam)
_914139
650 1 4 _aPintura holandesa
_zAmsterdam
_914140
650 1 4 _aPintura
_xColecciones y coleccionistas
_zHolanda
_915106
650 1 4 _aGalerías y museos
_zHolanda
_97615
902 _aGFM
942 _2lcc
_cB
999 _c5669
_d5669